000 00325nam a22001457a 4500
008 180814b xxu||||| |||| 00| 0 eng d
020 _a0803922825
041 _aeng
080 _a615
082 _a615
100 _a5
101 _aFAR
245 _aChild and adolescent psychopharmacology
_cCampbell.M
942 _2udc
_cBK
999 _c47146
_d47146